LEADER 01400nam a2200313 i 4500 001 991001496099707536 005 20020502180241.0 008 940408s1984 it ||| | ita| 020 $a8800722040 035 $ab10856663-39ule_inst 035 $aLE02370078$9ExL 040 $aDip.to Studi Storici$bita 082 04$a338.1094 245 00$aAgricoltura e trasformazione dell'ambiente :$bsecoli 13.-18. : atti della undicesima Settimana di studio, 25-30 aprile 1979 /$ca cura di Annalisa Guarducci 260 $a[Firenze] :$bLe Monnier,$c1984 300 $a820 p., [1] c. ;$c21 cm. 490 0 $aIstituto internazionale di storia economica F. Datini, Prato.$nSer. 2,$pAtti delle settimane di studio e altri convegni ;$v11 500 $aAltro front. in inglese 500 $aIn testa al front.: Istituto internazionale di storia economica F. Datini, Prato 650 4$aAgricoltura$ySec. 13.-18. 650 4$aPaesaggio agrario$ySec. 13.-18. 700 1 $aGuarducci, Annalisa 710 2 $aIstituto internazionale di storia economica Francesco Datini 907 $a.b10856663$b23-02-17$c28-06-02 912 $a991001496099707536 945 $aLE023 338.109 AGR 1 1$g1$i2023000008102$lle023$o-$pE0.00$q-$rn$so $t0$u0$v0$w0$x0$y.i10966821$z28-06-02 996 $aAgricoltura e trasformazione dell'ambiente$9101340 997 $aUNISALENTO 998 $ale023$b01-01-94$cm$da $e-$fita$git $h0$i1 LEADER 01478nam0 22003011i 450 001 UON00072040 005 20231205102354.663 100 $a20020107d1898 |0itac50 ba 101 $afre 102 $aFR 105 $a|||| ||||| 200 1 $aActes du Onzième Congrès International des Orientalistes, Paris-1897. Quatrième section$eHebreu - Phénicien - Araméen - Ethiopien - Assyrien 210 $aParis$cImprimerie Nationale$d1898 215 $a335 p.$d28 cm 316 $a*Data e prezzo inesatti$5IT-UONSI ETGEND b/015* 606 $aETIOPIA$xCongressi$3UONC020042$2FI 606 $aMedio Oriente$xCongressi$3UONC019245$2FI 620 $aFR$dParis$3UONL002984 676 $a963$cSTORIA D'ETIOPIA / STORIA DEL CORNO D'AFRICA$v21 710 12$aCongres International des Orientalistes$d11.$f1897$eParis$3UONV025803$0647851 712 $aImprimerie Nationale$3UONV246214$4650 791 12$aInternational Congress of Orientalists <11. ; 1897 ; Paris>$zCongres International des Orientalistes <11. ; 1897 ; Paris>$3UONV032049 801 $aIT$bSOL$c20251031$gRICA 899 $aSIBA - SISTEMA BIBLIOTECARIO DI ATENEO$2UONSI 912 $aUON00072040 950 $aSIBA - SISTEMA BIBLIOTECARIO DI ATENEO$dSI GEN D b 015* $eSI MR 77918 7 015* *Data e prezzo inesatti 996 $aActes du Onzième Congrès International des Orientalistes, Paris-1897. Quatrième section$91159195 997 $aUNIOR